| 000 | 00460nam a22001577a 4500 | ||
|---|---|---|---|
| 020 | _a0 521 561094 | ||
| 082 |
_a526.1 _bSIM _cN/L-01, P-100 |
||
| 100 |
_aSimpson, John E _939546 |
||
| 245 | _aGravity Currents in the environment and the laboratory | ||
| 250 | _a2nd ed. | ||
| 260 |
_aUK _bCambridge University Press _c1997 |
||
| 300 |
_axiii, 244p. : _bill. : _c10 Cm |
||
| 526 |
_a0 _b0 _c0 _d526_100000000000000_SIM |
||
| 650 |
_aNUST _96342 |
||
| 942 |
_2ddc _cBK |
||
| 999 |
_c544014 _d544014 |
||